Animal sounds - Statistics

General Stats
  • This quiz has been taken 96 times
  • The average score is 19 of 20
Answer Stats
Sound Animal? % Correct
Quack Duck
100%
Hiss Snake
100%
Tweet Bird
98%
Meow Cat
98%
moo Cow
98%
Woof Dog
98%
ribbit Frog
98%
Neigh Horse
98%
Squeak Mouse
98%
Oink Pig
98%
baa Sheep
98%
Buzz Bee
96%
Roar Lion
96%
Howl Wolf
96%
Hee haw Donkey
90%
Hoot hoot Owl
88%
Gobble Turkey
86%
Honk Goose
82%
Caw Crow
80%
Coo Dove
71%
No matching quizzes found
Score Distribution
Percent of People with Each Score
Percentile by Number Answered
Your Score History
You have not taken this quiz